00430nam a2200133 a 450000500170000000800410001702000180005805000280007624500990010426000450020330000230024844000130027165000120028420140412111249.0010327s19uu xx 00 eng d a0-8431-3142-X aTR(GS 372.21bH679 1988 aGetting ready for kindergarten :ba little Q electronic workbook /cillustrated by Pat Hoggan. aLos Angeles :bPrice Stern Sloan,c1988. a1 v. (unp.) ; ill. aLittle Q aReading